000
00295nam a22001217a 4500
999
_c
67570
_d
67567
082
_a
050MAH
100
_a
Mahar Naeemullah
245
_a
Naeem's All Rounder Jobs Preparation Book
260
_a
Ghotki
_b
Team Naeem's Virtual Academy
300
_a
447p.
650
_a
MCQs - General
942
_c
BK